MCSE training guide : windows NT server 4 enterprise (Record no. 43907)

MARC details
000 -LEADER
fixed length control field 00304nam a2200109Ia 4500
082 ## - DEWEY DECIMAL CLASSIFICATION NUMBER
Classification number 681.31MCS
Item number SIR
100 ## - MAIN ENTRY--AUTHOR NAME
Personal name Sirockman, Janson
245 #0 - TITLE STATEMENT
Title MCSE training guide : windows NT server 4 enterprise
260 ## - PUBLICATION, DISTRIBUTION, ETC. (IMPRINT)
Place of publication New Delhi
Name of publisher Techmedia
Year of publication 1997
942 ## - ADDED ENTRY ELEMENTS (KOHA)
Koha item type Books
Holdings
Withdrawn status Lost status Damaged status Not for loan Home library Current library Date acquired Source of acquisition Cost, normal purchase price Full call number Accession Number Koha item type
        RRII Library RRII Library 16/12/2021 Gift 425.00 681.31MCS SIR G00656 Books